000 00880nam a22003017a 4500
001 BR0304493
003 BR-BrBNA
005 20230928101356.0
007 ta
008 230509b bl.||||| |||| 00| 0 por d
040 _aBR-BrBNA
_bpor
_cBiblioteca Nacional de Agricultura
041 _a(Por)
072 _aK50
_b8901
_b8910
090 _ 8901 BR0304493
100 1 _aSouza, M.R. de
100 1 _aTeixeira, D.E.
110 1 _aMinistério do Meio Ambiente, dos Recursos Hídricos e da Amazônia Legal, Brasília, DF (Brasil). Laboratório de Produtos Florestais
_97574
245 1 _aCompostos à base de madeira
260 3 _aBrasília, DF (Brasil):
_c2002.
300 _a22 p.
500 _a18 illus.
650 _aMADEIRA
650 _aLAMINADO
650 _aINDÚSTRIA FLORESTAL
650 _aCOMPENSADO
909 _a202309
_bLucia
_c55
_dLucia Elande
942 _cBK
999 _c65510
_d65510